Auditor going concern reporting : a review of global research and future research opportunities

Bibliographic Details
Main Authors: Geiger, Marshall A. (Author), Gold, Anna (Author), Wallage, Philip (Author)
Format: Book
Language:English
Published: Abingdon, Oxon New York, NY : Routledge 2021
Series:Routledge studies in accounting
Subjects:

MARC

LEADER 00000cam a2200000 7i4500
001 0000030311
005 20241202.0
008 230829 nyua eng
020 |a 9780367649487 (hbk) 
040 |a INS   |b eng   |e rda 
090 0 0 |a HF5667.6   |b .G45 2021 
100 1 |a Geiger, Marshall A. ,   |e author 
245 1 0 |a Auditor going concern reporting :   |b a review of global research and future research opportunities   |c Marshall A. Geiger, Anna Gold and Philip Wallage 
264 1 |a Abingdon, Oxon   |a New York, NY :   |b Routledge   |c 2021 
300 |a 168 pages :   |b illustrations ;   |c 24 cm. 
336 |a text  |2 rdacontent 
337 |a unmediated  |2 rdamedia 
338 |a volume  |2 rdacarrier 
490 0 |a Routledge studies in accounting 
504 |a Includes bibliographical references and index 
650 0 |a Accounting 
650 0 |a Auditing 
650 0 |a Auditors' reports 
700 1 |a Gold, Anna ,   |e author 
700 1 |a Wallage, Philip ,   |e author 
999 |a 1000004643   |b BOOK   |c Open Shelf   |e Default branch